Largest Country Subdivisions by Area - Statistics

General Stats
  • This quiz has been taken 1,023 times
    1,022 since last reset
  • The average score is 12 of 20
Answer Stats
Country Region % Correct
United States Alaska
88%
Kingdom of Denmark Greenland
88%
Australia Western Australia
83%
Canada Quebec
79%
Australia Queensland
79%
Australia New South Wales
75%
Canada Ontario
75%
Canada Nunavut
71%
Australia South Australia
67%
China Tibet Autonomous Region
64%
Australia Northern Territory
63%
Canada British Columbia
60%
Canada Northwest Territories
57%
Brazil Amazonas
53%
China Inner Mongolia Autonomous Region
49%
Russia Sakha Republic
37%
Brazil Mato Grosso
31%
Brazil Pará
27%
Russia Krasnoyarsk Krai
12%
China Xinjiang Uyghur Autonomous Region
11%
No matching quizzes found
Score Distribution
Percent of People with Each Score
Percentile by Number Answered
Your Score History
You have not taken this quiz since the last reset